00887nam a2200205 a 450000100100000000500170001000800410002702000150006804000250008310000400010824501250014826000670027330000250034049000210036550000730038671000720045983000280053195201050055999900170066400004194720201002035839.0131023s2004 sp 000 0 spa d a8400073770 aDO-SdBNPbspacBNPHU1 aOrtíz Picón, Juan Manuel96886414aUna Vida y su entorno (1903-1978) :bmemorias de un médico con vocación de biólogo /cJosé Manuel Ortíz Picon. aGranada :bConsejo Superior de Investigaciones Científicas,. a403 :bil. ;c21 cm.1 aMonografíasv4 aIncluye referencias bibliográficas y notas al pie de las páginas2 aConsejo Superior de Investigaciones Científicas (España)915178 0aMonografíasv4915334 001050718MOaGRbGRcCTd2013-10-23iLF1l0o p41947-10r2020-06-25w2020-06-25y1ZNo se presta c41436d41436